Normal view
MARC view
Entry Topical Term
001 - CONTROL NUMBER
- control field: 19691
003 - CONTROL NUMBER IDENTIFIER
- control field: ARRUPE
005 - DATE AND TIME OF LATEST TRANSACTION
- control field: 20150909151645.0
008 - FIXED-LENGTH DATA ELEMENTS
- fixed length control field: 150909|| aca||aabn | a|a d
040 ## - CATALOGING SOURCE
- Original cataloging agency: ARRUPE
- Transcribing agency: ARRUPE
150 ## - HEADING--TOPICAL TERM
- Topical term or geographic name as entry element: concordance
670 ## - SOURCE DATA FOUND
- Source citation: Work cat.: (ARRUPE): BIBLE SOCIETY OF ZAMBIA 176, Konkodansi , 1990